US Open Venues (Golf) - Statistics

General Stats
  • This quiz has been taken 42 times
  • The average score is 17 of 53
Answer Stats
# of Visits First Visit Last Visit State Answer % Correct
6 1972 2019 CA Pebble Beach Golf Links
100%
10 1927 2025 PA Oakmont CC
97%
4 1999 2024 NC Pinehurst No. 2
87%
5 1896 2018 NY Shinnecock Hills GC
83%
4 1913 2022 MA The Country Club
83%
6 1929 2020 NY Winged Foot GC
80%
2 2008 2021 CA Torrey Pines GC
77%
1 2015 2015 WA Chambers Bay
73%
1 2023 2023 CA Los Angeles CC
73%
1 2017 2017 WI Erin Hills
70%
5 1955 2012 CA Olympic Club
70%
2 2002 2009 NY Bethpage Black
67%
3 1964 2011 MD Congressional CC
63%
5 1934 2013 PA Merion GC
63%
3 1956 1989 NY Oak Hill CC
63%
3 1958 2001 OK Southern Hills CC
50%
7 1903 1993 NJ Baltusrol GC
47%
3 1897 1911 IL Chicago GC
47%
2 1991 1970 MN Hazeltine National GC
43%
1 1948 1948 CA Riviera CC
43%
1 1976 1976 GA Atlanta Athletic Club
33%
2 1928 2003 IL Olympia Fields CC
33%
3 1938 1978 CO Cherry Hills CC
27%
6 1924 1996 MI Oakland Hills CC
23%
4 1920 1979 OH Inverness Club
20%
4 1898 1908 MA Myopia Hunt Club
20%
1 1941 1941 TX Colonial CC
17%
1 1895 1895 RI Newport CC
17%
2 1907 1910 PA Philidelphia Cricket Club
17%
1 1969 1969 TX Champions GC
13%
3 1949 1990 IL Medinah CC
13%
1 1933 1933 IL North Shore CC
13%
1 1947 1947 MO St. Louis CC
13%
1 1965 1965 MO Bellrive CC
10%
1 1922 1922 IL Skokie CC
10%
1 1925 1925 MA Worcester CC
10%
1 1899 1899 MD Baltimore CC
7%
1 1919 1919 MA Brae Burn CC
7%
2 1940 1946 OH Canterbury GC
7%
1 1921 1921 MD Columbia CC
7%
1 1904 1904 IL Glen View Club
7%
1 1930 1930 MN Interlachen CC
7%
1 1914 1914 IL Midlothian CC
7%
1 1952 1952 TX Northwood Club
7%
1 1926 1926 OH Scioto CC
7%
1 1912 1912 NY CC of Buffalo
3%
1 1902 1902 NY Garden City GC
3%
1 1909 1909 NJ Englewood GC
0%
1 1932 1932 NY Fresh Meadow CC
0%
1 1923 1923 NY Inwood CC
0%
1 1906 1906 IL Onwentsia GC
0%
1 1939 1939 PA Philidelphia CC
0%
1 1916 1916 MN The Minikahda Club
0%
No matching quizzes found
Score Distribution
Percent of People with Each Score
Percentile by Number Answered
Your Score History
You have not taken this quiz